Philippine Provinces - Sudden Death - Statistics

General Stats
  • This quiz has been taken 35 times
  • The average score is 7 of 14
Answers on the Grid
Answers color-coded by a green-red scale on the quiz's grid according to % correct below.
Davao Oriental
Western Samar
Virginia
Leyte
Argentina
Batanes
Western Negros
Sulu
Catanduanez
Aurora
Bacolod
Davao del sur
Makati
Guimaras
Hawaii
La Union
Barcelona
Quirino
Southern Samar
Palawan
Manila
Apayao
Amazonas
La Serena
Dinagat Islands
Davao de Oro
Monte Patria
Alaska
 
Answer Stats
Answer % Correct
Davao Oriental
100%
Davao de Oro
60%
Batanes
53%
La Union
53%
Apayao
47%
Aurora
47%
Davao del sur
47%
Leyte
47%
Dinagat Islands
40%
Guimaras
40%
Palawan
40%
Sulu
40%
Quirino
33%
Catanduanez
27%
No matching quizzes found
Score Distribution
Percent of People with Each Score
Percentile by Number Answered
Your Score History
You have not taken this quiz